Laboratory manual in zoology (General Zoology 1) / (Record no. 82162)
[ view plain ]
| 000 -LEADER | |
|---|---|
| fixed length control field | 00774nam a22002417a 4500 |
| 003 - CONTROL NUMBER IDENTIFIER | |
| control field | URS |
| 005 - DATE AND TIME OF LATEST TRANSACTION | |
| control field | 20250225181835.0 |
| 008 - FIXED-LENGTH DATA ELEMENTS--GENERAL INFORMATION | |
| fixed length control field | 170208b xxu||||| |||| 00| 0 eng d |
| 040 ## - CATALOGING SOURCE | |
| Transcribing agency | URS |
| Language of cataloging | English |
| Description conventions | rda |
| 041 ## - LANGUAGE CODE | |
| Language code of text/sound track or separate title | english |
| 050 00 - LIBRARY OF CONGRESS CALL NUMBER | |
| Classification number | QL53 |
| Item number | .Sa58 2004 |
| 100 1# - MAIN ENTRY--PERSONAL NAME | |
| Personal name | San Pedro, Priscilla Villacorta, |
| Relator term | author. |
| 245 ## - TITLE STATEMENT | |
| Title | Laboratory manual in zoology (General Zoology 1) / |
| Statement of responsibility, etc | Priscilla Villacorta San Pedro. |
| 264 ## - PUBLICATION, DISTRIBUTION, ETC. (IMPRINT) | |
| Place of publication, distribution, etc | Bulacan : |
| Name of publisher, distributor, etc | Trinitas Publishing, |
| Date of publication, distribution, etc | ©2004. |
| 300 ## - PHYSICAL DESCRIPTION | |
| Extent | 92 pages : |
| Other physical details | illustrations ; |
| Dimensions | 25 cm. |
| 336 ## - CONTENT TYPE | |
| Source | rda content |
| Content type term | text |
| 337 ## - MEDIA TYPE | |
| Source | rda media |
| Media type term | unmediated |
| 338 ## - CARRIER TYPE | |
| Source | rda carrier |
| Carrier type term | volume |
| 650 ## - SUBJECT ADDED ENTRY--TOPICAL TERM | |
| Topical term or geographic name as entry element | Zoology. |
| 650 ## - SUBJECT ADDED ENTRY--TOPICAL TERM | |
| Topical term or geographic name as entry element | Zoology -- Laboratory manuals. |
| 650 ## - SUBJECT ADDED ENTRY--TOPICAL TERM | |
| Topical term or geographic name as entry element | Anatomy, Comparative -- Laboratory manuals. |
| 942 ## - ADDED ENTRY ELEMENTS (KOHA) | |
| Source of classification or shelving scheme | Library of Congress Classification |
| Koha item type | Filipiniana |
| Withdrawn status | Lost status | Source of classification or shelving scheme | Damaged status | Not for loan | Collection code | Home library | Current library | Shelving location | Date acquired | Source of acquisition | Total Checkouts | Full call number | Barcode | Date last seen | Copy number | Koha item type |
|---|---|---|---|---|---|---|---|---|---|---|---|---|---|---|---|---|
| Library of Congress Classification | Non-fiction | Taytay College Library | Taytay College Library | Filipiniana Section | 02/08/2005 | Purchased | QL53 .Sa58 2004 | URSTAY-430 | 06/03/2025 | 1 | Filipiniana | |||||
| Library of Congress Classification | Non-fiction | Taytay College Library | Taytay College Library | Filipiniana Section | 02/08/2005 | Purchased | QL53 .Sa58 2004 | URSTAY-431 | 06/03/2025 | 2 | Filipiniana | |||||
| Library of Congress Classification | Non-fiction | Taytay College Library | Taytay College Library | Filipiniana Section | 02/08/2005 | Purchased | QL53 .Sa58 2004 | URSTAY-432 | 06/03/2025 | 3 | Filipiniana | |||||
| Library of Congress Classification | Non-fiction | Taytay College Library | Taytay College Library | Filipiniana Section | 02/08/2005 | Purchased | QL53 .Sa58 2004 | URSTAY-433 | 06/03/2025 | 4 | Filipiniana | |||||
| Library of Congress Classification | Non-fiction | Taytay College Library | Taytay College Library | Filipiniana Section | 02/08/2005 | Purchased | QL53 .Sa58 2004 | URSTAY-434 | 06/03/2025 | 5 | Filipiniana | |||||
| Library of Congress Classification | Non-fiction | Taytay College Library | Taytay College Library | Filipiniana Section | 02/08/2005 | Purchased | QL53 .Sa58 2004 | URSTAY-435 | 06/03/2025 | 6 | Filipiniana | |||||
| Library of Congress Classification | Non-fiction | Taytay College Library | Taytay College Library | Filipiniana Section | 02/08/2005 | Purchased | QL53 .Sa58 2004 | URSTAY-436 | 06/03/2025 | 7 | Filipiniana | |||||
| Library of Congress Classification | Non-fiction | Taytay College Library | Taytay College Library | Filipiniana Section | 02/08/2005 | Purchased | QL53 .Sa58 2004 | URSTAY-437 | 06/03/2025 | 8 | Filipiniana | |||||
| Library of Congress Classification | Non-fiction | Taytay College Library | Taytay College Library | Filipiniana Section | 02/08/2005 | Purchased | QL53 .Sa58 2004 | URSTAY-438 | 06/03/2025 | 9 | Filipiniana | |||||
| Library of Congress Classification | Non-fiction | Taytay College Library | Taytay College Library | Filipiniana Section | 02/08/2005 | Purchased | QL53 .Sa58 2004 | URSTAY-439 | 06/03/2025 | 10 | Filipiniana | |||||
| Library of Congress Classification | Non-fiction | Taytay College Library | Taytay College Library | Filipiniana Section | 02/08/2005 | Purchased | QL53 .Sa58 2004 | URSTAY-440 | 06/03/2025 | 11 | Filipiniana | |||||
| Library of Congress Classification | Non-fiction | Taytay College Library | Taytay College Library | Filipiniana Section | 02/08/2005 | Purchased | QL53 .Sa58 2004 | URSTAY-441 | 06/03/2025 | 12 | Filipiniana | |||||
| Library of Congress Classification | Non-fiction | Taytay College Library | Taytay College Library | Filipiniana Section | 02/08/2005 | Purchased | QL53 .Sa58 2004 | URSTAY-442 | 06/03/2025 | 13 | Filipiniana | |||||
| Library of Congress Classification | Non-fiction | Taytay College Library | Taytay College Library | Filipiniana Section | 02/08/2005 | Purchased | QL53 .Sa58 2004 | URSTAY-443 | 06/03/2025 | 14 | Filipiniana |